5HLuxD.jpg

KING HENRY VIII SENIOR AND PRIMARY SCHOOL LIBRARY OPAC

Ghosting / (Record no. 203)

000 -LEADER
fixed length control field 00885nam a2200313 a 4500
001 - CONTROL NUMBER
control field 019278329
003 - CONTROL NUMBER IDENTIFIER
control field UkOxU
005 - DATE AND TIME OF LATEST TRANSACTION
control field 20190801091935.0
008 - FIXED-LENGTH DATA ELEMENTS--GENERAL INFORMATION
fixed length control field 120314t20122008stk j 000 1 eng c
015 ## - NATIONAL BIBLIOGRAPHY NUMBER
National bibliography number GBB207399
Source bnb
020 ## - INTERNATIONAL STANDARD BOOK NUMBER
International Standard Book Number 9781781120811 (pbk.) :
020 ## - INTERNATIONAL STANDARD BOOK NUMBER
International Standard Book Number 1781120811 (pbk.) :
035 ## - SYSTEM CONTROL NUMBER
System control number (StEdNL)4681906
035 ## - SYSTEM CONTROL NUMBER
System control number (Uk)016015742
040 ## - CATALOGING SOURCE
Original cataloging agency StDuBDS
Language of cataloging eng
Transcribing agency StDuBDS
Modifying agency StEdNL
042 ## - AUTHENTICATION CODE
Authentication code ukscp
082 04 - DEWEY DECIMAL CLASSIFICATION NUMBER
Classification number FIC GRA
Edition number 23
100 1# - MAIN ENTRY--PERSONAL NAME
Personal name Gray, Keith.
Relator term author
245 10 - TITLE STATEMENT
Title Ghosting /
Statement of responsibility, etc. by Keith Gray.
260 ## - PUBLICATION, DISTRIBUTION, ETC.
Place of publication, distribution, etc. Edinburgh :
Name of publisher, distributor, etc. Barrington Stoke,
Date of publication, distribution, etc. 2012, c2008.
300 ## - PHYSICAL DESCRIPTION
Extent 63 p. ;
Dimensions 20 cm.
500 ## - GENERAL NOTE
General note Previous ed.: 2008.
500 ## - GENERAL NOTE
General note "This book is also dyslexia friendly"--sticker on cover.
655 #0 - INDEX TERM--GENRE/FORM
Genre/form data or focus term Ghost stories.
655 #0 - INDEX TERM--GENRE/FORM
Genre/form data or focus term Easy reading
655 #0 - INDEX TERM--GENRE/FORM
Genre/form data or focus term Young adult fiction.
942 ## - ADDED ENTRY ELEMENTS (KOHA)
Source of classification or shelving scheme
Koha item type Books - Fiction
Holdings
Withdrawn status Lost status Source of classification or shelving scheme Damaged status Not for loan Collection code Permanent Location Current Location Shelving location Date acquired Total Checkouts Full call number Barcode Date due Date last seen Date last checked out Price effective from Koha item type
          Fiction KH8 Senior School Library KH8 Senior School Library Easy Reading 2019-08-01 4 FIC GRA 3KHSL000100136 2025-09-15 2025-08-28 2025-08-28 2019-08-01 Books - Fiction

Powered By KH8 IT Dept